000 00485nam a2200181Ia 4500
001 3834
005 20260306145712.0
008 260306t2023||||xx |||||||||||||| ||spa||
041 _aESP
082 _a303.6098
_bG63
100 _aGómez Correal, Diana,
_eAUT
245 0 _aMás allá del conflicto armado :
_bmemorias, cuerpos y violencias en Perú y Colombia
260 _c2023
300 _a507 páginas :
_c23 cm.
650 _aGEN
654 _aCHU
942 _cLIB
_dJUS
_fJUS
_2ddc
_n
999 _c3834
_d3834